Movies Quiz

Random Movies or Actor Quiz

Odd One Out: Actor-Director Collaborations Quiz Stats

 Plays Quiz Updated Jul 11, 2017

Support Sporcle.
Go Orange.
Score 0/18 Timer 06:00
2 Plays Today
Question Answer Wrong Answers
Director: Adam McKay
Actor: Will Ferrell
The Big Short
76.4%
Anchorman: The Legend of Ron Burgundy
4.7%
Step Brothers
5%
The Other Guys
8.1%
Director: Tim Burton
Actor: Johnny Depp
Big Fish
76.3%
Sleepy Hollow
5.4%
Charlie and the Chocolate Factory
3.9%
Ed Wood
8.7%
Director: Quentin Tarantino
Actor: Samuel L. Jackson
Reservoir Dogs
75.4%
The Hateful Eight
5.9%
Pulp Fiction
3%
Jackie Brown
10%
Director: Christopher Nolan
Actor: Christian Bale
Inception
75.3%
The Prestige
11.8%
Batman Begins
4.2%
The Dark Knight Rises
3.1%
Director: Peter Jackson
Actor: Andy Serkis
Heavenly Creatures
73.8%
The Lord of the Rings: The Two Towers
2.8%
King Kong
13.2%
The Hobbit: An Unexpected Journey
4.4%
Director: Martin Scorsese
Actor: Leonardo DiCaprio
The Great Gatsby
71.9%
The Wolf of Wall Street
7%
Gangs of New York
7.5%
The Aviator
7.9%
Director: Paul Thomas Anderson
Actor: Philip Seymour Hoffman
There Will Be Blood
69.4%
The Master
6%
Magnolia
8.2%
Boogie Nights
10.4%
Director: James Cameron
Actor: Arnold Schwarzenegger
Terminator 3: Rise of the Machines
67%
The Terminator
5.1%
Terminator 2: Judgment Day
2.4%
True Lies
19.8%
Director: David O. Russell
Actor: Jennifer Lawrence
Winter's Bone
66.5%
Silver Linings Playbook
5.3%
American Hustle
8.9%
Joy
13.5%
Director: Wes Anderson
Actor: Bill Murray
Lost in Translation
62.1%
The Life Aquatic with Steve Zissou
7%
Rushmore
14.2%
The Royal Tenenbaums
11.1%
Director: Robert Rodriguez
Actor: Antonio Banderas
Sin City
61.7%
Spy Kids
20.4%
Desperado
5.1%
Once Upon a Time in Mexico
7%
Director: David Fincher
Actor: Brad Pitt
Moneyball
60.9%
Se7en
7.5%
The Curious Case of Benjamin Button
20.2%
Fight Club
5.6%
Director: Joel Coen
Actor: Frances McDormand
No Country for Old Men
60.6%
The Man Who Wasn't There
16.7%
Fargo
4.5%
Blood Simple.
12.3%
Director: Steven Spielberg
Actor: Tom Hanks
Road to Perdition
55.8%
Bridge of Spies
20.6%
Catch Me If You Can
14.4%
Saving Private Ryan
3.5%
Director: Woody Allen
Actor: Mia Farrow
Annie Hall
46.2%
Alice
24.9%
Crimes and Misdemeanors
15.3%
Hannah and Her Sisters
7.7%
Director: Ridley Scott
Actor: Russell Crowe
The Insider
45.8%
Gladiator
4%
Robin Hood
18.4%
American Gangster
26.1%
Director: John Huston
Actor: Humphrey Bogart
Casablanca
45.6%
The Maltese Falcon
11.3%
The Treasure of the Sierra Madre
22.6%
The African Queen
14.3%
Director: Frank Capra
Actor: James Stewart
Harvey
42.5%
It's a Wonderful Life
7.5%
Mr. Smith Goes to Washington
8%
You Can't Take It with You
36%

You're not logged in!

Compare scores with friends on all Sporcle quizzes.
OR
Log In
Forgot?

From the Vault

'Winnie the Pooh' Theme Lyrics

by oldkent

This quiz goes well with a pot of honey. Be careful of your keyboard, though.
Remove Ads.
Support Sporcle.
Get the best of Sporcle when you Go Orange. This ad-free experience offers more features, more stats, and more fun while also helping to support Sporcle. Thank you for becoming a member.

Show Comments

Extras

Top Quizzes Today


Score Distribution

Your Account Isn't Verified!

In order to create a playlist on Sporcle, you need to verify the email address you used during registration. Go to your Sporcle Settings to finish the process.

Report this User

Report this user for behavior that violates our Community Guidelines.

Details: